Next IAS Current Affairs: (Record no. 196896)

MARC details
000 -LEADER
fixed length control field 00695nam a2200193 4500
005 - DATE AND TIME OF LATEST TRANSACTION
control field 20230911104249.0
010 ## - LCCN (DPL NO)
LC control number ENG-137741-50
020 ## - INTERNATIONAL STANDARD BOOK NUMBER
International Standard Book Number 9789395548649
Terms of availability 200.00
035 ## - SYSTEM CONTROL NUMBER
System control number EN-121273-82
037 ## - SOURCE OF ACQUISITION
Source of stock number/acquisition DBAD/PUB
082 ## - DEWEY DECIMAL CLASSIFICATION NUMBER
Classification number 000
Edition number May 2023
245 ## - TITLE STATEMENT
Title Next IAS Current Affairs:
Remainder of title Nuclear Energy Boon And Bane/
Statement of responsibility, etc Chief Edited By B.Singh And Edited By Aniruddh Pratap Singh
260 ## - PUBLICATION, DISTRIBUTION, ETC. (IMPRINT)
Place of publication, distribution, etc New Delhi
Name of publisher, distributor, etc Made Easy Publications
Date of publication, distribution, etc May 2023
270 ## - ADDRESS
Address 44-A/4, Kalu Sarai
City New Delhi
Postal code 110016
Electronic mail address Infomep@madeeasy.in
Telephone number 45124660, 8860378007
300 ## - PHYSICAL DESCRIPTION
Extent 108p
Dimensions 27cm(pbk)
700 ## - ADDED ENTRY--PERSONAL NAME
Personal name Singh,B.
9 (RLIN) 56110
700 ## - ADDED ENTRY--PERSONAL NAME
Personal name Singh,Aniruddh Pratap
9 (RLIN) 56111
942 ## - ADDED ENTRY ELEMENTS (KOHA)
Source of classification or shelving scheme Dewey Decimal Classification
Item type English Books
Call number suffix NEX
Classification part 000
Holdings
Withdrawn status Lost status Not for loan Collection code Home library Current library Date acquired Source of acquisition Cost, normal purchase price Full call number Barcode Copy number Cost, replacement price Koha item type
      Non-fiction Ashok Vihar Ashok Vihar 08/08/2023 DBAD/PUB 200.00 000 NEX EN-121277 1 200.00 English Books
      Non-fiction Ashok Vihar Ashok Vihar 08/08/2023 DBAD/PUB 200.00 000 NEX EN-121278 1 200.00 English Books
      Non-fiction Bawana Bawana 08/08/2023 DBAD/PUB 200.00 000 NEX EN-121275 1 200.00 English Books
      Non-fiction Bawana Bawana 08/08/2023 DBAD/PUB 200.00 000 NEX EN-121276 1 200.00 English Books
      Non-fiction Central Library Central Library 08/08/2023 DBAD/PUB 200.00 000 NEX EN-121273 1 200.00 English Books
      Non-fiction Central Library Central Library 08/08/2023 DBAD/PUB 200.00 000 NEX EN-121274 1 200.00 English Books
      Non-fiction Sarojini Nagar Sarojini Nagar 08/08/2023 DBAD/PUB 200.00 000 NEX EN-121279 1 200.00 English Books
      Non-fiction Sarojini Nagar Sarojini Nagar 08/08/2023 DBAD/PUB 200.00 000 NEX EN-121280 1 200.00 English Books
      Non-fiction Shahdara Branch Shahdara Branch 08/08/2023 DBAD/PUB 200.00 000 NEX EN-121281 1 200.00 English Books
      Non-fiction Shahdara Branch Shahdara Branch 08/08/2023 DBAD/PUB 200.00 000 NEX EN-121282 1 200.00 English Books

© Delhi Public Library
Hit Counter
free hit counter